| 000 | 01693cam a2200373 i 4500 | ||
|---|---|---|---|
| 999 |
_c41633 _d41633 |
||
| 001 | 18174361 | ||
| 003 | ARRUPE | ||
| 005 | 20170803091140.0 | ||
| 008 | 140602t20152015ilu 001 0 eng c | ||
| 010 | _a 2014020891 | ||
| 020 | _a9780226232621 (paperback : alkaline paper) | ||
| 020 | _a022623262X (paperback : alkaline paper) | ||
| 020 | _z9780226232768 (e-book) | ||
| 020 | _z022623276X (e-book) | ||
| 040 |
_aICU/DLC _beng _cICU _erda _dDLC |
||
| 042 | _apcc | ||
| 050 | 0 | 0 |
_aQ175 _b.P82 2015 |
| 082 | 0 | 0 |
_a501 _223 |
| 100 | 1 |
_aPolanyi, Michael, _d1891-1976, _eauthor. _94710 |
|
| 245 | 1 | 0 |
_aPersonal knowledge : _btowards a post-critical philosophy / _cMichael Polanyi. |
| 250 |
_aEnlarged edition / _bwith a new foreword by Mary Jo Nye. |
||
| 300 |
_axxx, 428 pages ; _c23 cm |
||
| 500 | _aIncludes index. | ||
| 505 | 0 | _aObjectivity -- Probability -- Order -- Skills -- Articulation -- Intellectual passions -- Conviviality -- The logic of affirmation -- The critique of doubt -- Commitment -- The logic of achievement -- Knowing life -- The rise of man. | |
| 650 | 0 |
_aScience _xPhilosophy. _934522 |
|
| 650 | 0 |
_aKnowledge, Theory of. _934523 |
|
| 700 | 1 |
_aNye, Mary Jo, _ewriter of introduction. _934524 |
|
| 906 |
_a7 _bcbc _corignew _d1 _eecip _f20 _gy-gencatlg |
||
| 942 |
_2lcc _cMONOGRAPH |
||